[Event "Asia-ch 4th"]
[Site "Doha"]
[Date "2003.02.28"]
[Round "7"]
[White "Rahman, Ziaur"]
[Black "Sasikiran, Krishnan"]
[Result "0-1"]
[WhiteElo "2542"]
[BlackElo "2664"]
[Annotator "Stohl,I"]
[PlyCount "120"]
[EventDate "2003.02.22"]
[EventType "swiss"]
[EventRounds "9"]
[EventCountry "QAT"]
[SourceTitle "CBM 094"]
[Source "ChessBase"]
[SourceDate "2003.05.26"]
[SourceVersion "1"]
[SourceVersionDate "2003.05.26"]
[SourceQuality "1"]

1. Nf3 Nf6 2. c4 b6 3. g3 Bb7 4. Bg2 c5 5. O-O g6 6. Nc3 Bg7 7. d4 cxd4 8. Qxd4
d6 9. Rd1 Nbd7 10. Be3 Rc8 11. Rac1 O-O 12. Qh4 a6 13. b3 Rc7 {Recently the
most popular continuation in this line.} 14. Ne1 {Other moves also don't
promise White any tangible advantage.} (14. Bh6 Qa8 15. Nd5 (15. Bxg7 Kxg7 16.
Ne1 b5 17. Nd5 Nxd5 18. cxd5 Rxc1 19. Rxc1 Nf6 20. e4 Rc8 21. Qf4 a5 22. Qd2 b4
$11 {Karpov,A-Gelfand,B/Cap d'Agde act/2002/}) 15... Nxd5 16. cxd5 Rxc1 17.
Bxc1 Re8 18. e4 Qc8 $5 (18... Ne5 19. Nxe5 Bxe5 20. Bg5 Qd8 21. Bh3 h5 22. Rc1
b5 {Ftacnik,L-Cvitan,O/Bled olm/2002/} 23. b4 $5 $36) 19. Bg5 Qc2 $132) ({
Another recent game, in which Black had no problems whatsoever, went} 14. Bh3
Qb8 (14... Qa8 $2 15. Bxd7 Rxd7 16. Na4 Bxf3 17. Nxb6 Qb7 18. exf3 Rc7 19. Nd5
Nxd5 20. Rxd5 Rd8 21. Kg2 Bf6 22. Qf4 Rcd7 23. Rcd1 Bg7 24. h4 $16 {Anand,
V-Gomez Esteban,J/Santurtzi/2003/}) 15. Bh6 b5 16. Nd5 Nxd5 17. cxd5 Nf6 18.
Bxg7 Kxg7 19. e4 Bc8 20. Bxc8 Rfxc8 21. Rxc7 Qxc7 22. Nd4 Qc3 (22... Qa5 $5)
23. Qf4 Rc5 24. f3 h6 25. Qd2 Nd7 26. Kf2 Ne5 $11 {Jirovsky,M-Hracek,Z/CZE-ch
Luhacovice/2003/}) 14... Qb8 $5 {The text move is newer and somewhat more
accurate, than the immediate exchange, which after all gets white's N closer
to its dream square d5.} (14... Bxg2 15. Nxg2 Qb8 16. Nf4 e6 $5 (16... Re8 17.
Nfd5 Rcc8 18. Bg5 Qb7 19. Rd3 $1 (19. a4 Kh8 20. g4 Nxd5 21. Nxd5 e6 22. Nf6
Nxf6 23. Bxf6 d5 {Illescas Cordoba,M-Gelfand,B/Pamplona/1999/} 24. g5 $1 $14 {
() Illescas}) 19... Ne5 $2 (19... b5 $2 20. Re3 Kf8 21. Nxe7 $1 Rxe7 22. Rxe7
Kxe7 23. Nd5+ $18) 20. Bxf6 $1 exf6 (20... Nxd3 21. Bxg7 Nxc1 22. Bh6 {[%cal
Rd5f6,Rh6c1] /\Bc1,Nf6+-}) 21. Rdd1 f5 22. Nf6+ Bxf6 23. Qxf6 $16 {Filippov,
V-Janssen,R/Varna/2000/}) 17. Nd3 Rfc8 18. Bf4 Bf8 19. a4 Qb7 20. g4 Ne4 21.
Nxe4 Qxe4 $11 {1/2, Pigusov,E-Cvitan,O/EU-ch Ohrid/2001/}) 15. Bh6 (15. Bh3 Re8
16. Ng2 e6 {/\} 17. Rxd6 Rxc4 $11) 15... Bxh6 (15... b5 $11) 16. Qxh6 b5 $1 $11
17. Nd5 {Now once again a similar position and structure arises, as in the
abovementioned games Karpov-Gelfand and Jirovsky-Hracek. Also in our game
Black is OK and it's rather White, who has to be careful.} (17. cxb5 $143 Bxg2
18. Nxg2 Rfc8 $36) 17... Nxd5 18. cxd5 Rfc8 19. Nd3 a5 20. e4 ({Less
enterprising (boring), but more circumspect was} 20. Rxc7 $142 Rxc7 21. Rc1 b4
22. Qg5 (22. Rxc7 Qxc7 23. Qc1 $11) 22... Nf6 23. e4 Ba6 24. Rxc7 Qxc7 25. Qc1
$11 {/\} Qc3 26. Qxc3 bxc3 27. Nc1 e6 28. dxe6 fxe6 29. f4 d5 30. exd5 exd5 31.
Bf1 $13) 20... b4 21. Bh3 Ba6 22. Bxd7 {White's position is already somewhat
uncomfortable.} (22. Nb2 Rxc1 23. Rxc1 Rxc1+ 24. Qxc1 Ne5 $15) (22. Rxc7 Rxc7 (
22... Qxc7 23. Rc1 $11) 23. Qe3 Bxd3 (23... Nf6 $5) 24. Rxd3 Ne5 $15) 22...
Rxd7 23. Rxc8+ Qxc8 24. Rc1 Rc7 $15 25. Rxc7 Qxc7 26. Qd2 Qb6 $1 {[%cal Rb6d4]
[%mdl 4096] /\Qd4 Black is patient and retains a pleasant _|_ without
premature exchanges.} (26... Qc3 27. Qxc3 bxc3 28. Nc1 e6 29. dxe6 fxe6 30. f3
d5 31. exd5 exd5 32. Kf2 d4 33. Ne2 $1 c2 34. Nc1 d3 35. Ke3 $11 {[%cal Ya2a3,
Yc1a2] /\a3,Na2 and the blockade seems unbreakable, White can just play a3,
Na2-c1-a2 and sit and watch.}) (26... Bxd3 27. Qxd3 Qc1+ 28. Kg2 Qb2 29. Qb5 $8
Qxa2 30. Qe8+ Kg7 31. Qxe7 Qxb3 (31... a4 32. e5 $1 $11) (31... Qc2 $5) 32.
Qxd6 $132) 27. Nb2 (27. Nf4 Qc5 $36 {[%cal Rc5c3] /\Qc3}) 27... Qc5 28. Nd1 h5
(28... Qb5 29. Ne3 Qd3 30. Qxd3 Bxd3 31. f3 Kg7 32. Kf2 Kf6 33. Ng4+ Kg7 34.
Ne3 $11) 29. h4 Kg7 {Black's K cunningly approaches the [+]...} ({The
seemingly strong} 29... Qb5 30. Ne3 Qd3 31. Qxd3 Bxd3 32. f3 Kg7 33. Kf2 Kf6
34. Ke1 Ke5 35. Kd2 Kd4 {runs into the tactical} (35... Ba6 36. Nc2 f5 37. Ke3
$11) 36. g4 $1 hxg4 (36... e6 37. e5 $1 {/\} dxe5 38. Nc2+ $1 Kxd5 39. Kxd3 $18
) 37. h5 $1 gxh5 38. Nf5+ Ke5 39. Kxd3 Kf4 $5 40. fxg4 hxg4 $44 {and it's
Black, who just about holds the game.}) 30. Kg2 {Probably the best.} (30. Qb2+
f6 {[%cal Ra6d3] /\Bd3 more or less forces the Q back.} 31. Qd2 $15) 30... Qb5
31. Ne3 $2 {Only after this mistake Black will further decisively improve his
position.} (31. Qd4+ $1 Kh7 (31... f6 32. Ne3 Qd3 33. Qxd3 Bxd3 34. Kf3 $5 Kf7
35. Kf4 $11) 32. Ne3 $132 {and now} Qd3 {is the same as 29...Qb5}) 31... Qd3 $1
32. Qxd3 Bxd3 33. f3 {Now Black's active K will penetrate into White's
position.} (33. Kf3 Kf6 {[%cal Rf6e5] /\Ke5-+} 34. Kf4 $8 e5+ 35. dxe6 fxe6 36.
g4 e5+ 37. Kf3 hxg4+ 38. Nxg4+ Ke6 39. Ne3 Kd7 $22 {[%csl Ra2,Re4] ><e4,a2} 40.
Nd5 Bb1 41. Nb6+ Kc6 42. Nc4 Bxa2 43. Nxa5+ Kb5 44. Nc4 Bxb3 45. Nxd6+ Kc6 $19)
33... Kf6 (33... Bb1 $2 34. Nc4 $11) 34. Kf2 Ke5 35. Ke1 (35. g4 hxg4 36. Nxg4+
Kd4 37. Nh6 Bb1 $19) 35... Kd4 36. Kd2 f5 $1 {Here it's Black's move and he
has time to prevent g4-compare with the note to 29...Kg7. His position is now
close to winning.} 37. exf5 Bxf5 (37... gxf5 $2 38. Ng2 $132) 38. g4 (38. Nxf5+
gxf5 39. g4 fxg4 40. fxg4 hxg4 41. h5 Ke5 42. Ke3 Kf5 43. h6 Kg6 44. Kf4 Kxh6
45. Kxg4 Kg6 46. Kf4 Kf6 47. Ke4 Kg5 $19) 38... Bd7 39. gxh5 {Dissolves a
potential weakness on g6, now White will have no real <=>. But tha
alternatives are also bleak.} (39. Ke2 Kc3 $5 $17 {/-+} (39... Bb5+ 40. Kd2 Bd3
41. Ng2 Bb1 $17)) 39... gxh5 40. Nc4 (40. Ng2 Be8 41. Nf4 (41. Ne3 Bg6 42. Ng2
Bf7 43. Nf4 Bxd5 $19) 41... Ke5 42. Ke3 Bf7 $22 $19) (40. Ke2 Bb5+ 41. Kd2 Bd3
$22 $19) 40... a4 $5 (40... Kxd5 41. Nxa5 Kd4 42. Nc4 d5 $17) 41. Nb6 (41. Ne3
axb3 42. axb3 Bc8 43. Nc2+ (43. Ke2 Kc3 $19) (43. f4 Bb7 44. Nf5+ Kxd5 45. Ng3
(45. Nxe7+ Ke6 46. Ng6 Be4 $19) 45... Ke6 46. Nxh5 Kf5 47. Ke3 Bd5 $19) 43...
Kc5 44. Ne1 Ba6 $1 45. Nc2 (45. Ng2 Bb7 $19) 45... Bb7 $19) 41... axb3 42. axb3
Bf5 $22 43. Na8 (43. f4 Ke4 $19) 43... Kxd5 44. Nc7+ Ke5 (44... Kc6 45. Na6 Kb5
46. Nc7+ {only prolongs the game.}) 45. Ke3 (45. Na6 Kf4 46. Ke2 (46. Nxb4 Kxf3
47. Nd5 e5 $19) 46... Kg3 $5 47. Nxb4 Be6 48. Nc6 Kxh4 49. Nxe7 Kg3 $19) 45...
Bc8 46. f4+ Kf5 47. Nd5 Be6 (47... Bb7 $5 48. Nxe7+ (48. Nxb4 Kg4 $19) 48...
Ke6 49. Ng6 Bd5 $19) 48. Nxe7+ (48. Nxb4 Bxb3 (48... Kg4 49. Nc6 Kxh4 $17) 49.
Nc6 e5 50. fxe5 dxe5 51. Ne7+ Ke6 52. Nc6 Bd5 53. Nb4 Bb7 54. Nd3 Kf5 55. Nc5
Bc6 56. Nd3 e4 57. Nf2 Bb7 $22 58. Nd1 Kg4 59. Nf2+ Kxh4 60. Kf4 Bc6 $22 $19)
48... Kg4 49. Nc6 Kxh4 50. Nxb4 Kg3 $1 $19 {The Pb3 is lost anyway.} 51. Nd3 h4
52. Nf2 Bxb3 53. Ne4+ Kg2 54. Nxd6 h3 55. Ne4 h2 56. Nf2 Be6 57. Ke2 Bf5 58.
Ke3 Bg4 $22 {The final zugzwang in an _|_ full of them.} 59. Nh1 (59. Nxg4 h1=Q
$19) 59... Kxh1 60. Kf2 Bh3 0-1

[Event "Pula zt 1.2"]
[Site "Pula"]
[Date "2000.04.14"]
[Round "4"]
[White "Beliavsky, Alexander G"]
[Black "Kurajica, Bojan"]
[Result "1/2-1/2"]
[WhiteElo "2640"]
[BlackElo "2530"]
[Annotator "Stohl,I"]
[PlyCount "75"]
[EventDate "2000.04.11"]
[EventType "swiss"]
[EventRounds "11"]
[EventCountry "CRO"]
[SourceTitle "CBM 077"]
[Source "ChessBase"]
[SourceDate "2000.07.27"]
[SourceVersion "1"]
[SourceVersionDate "2000.07.27"]
[SourceQuality "1"]

1. Nf3 c5 2. c4 e6 3. g3 Nc6 4. Bg2 d5 5. cxd5 Qxd5 $5 $146 {[%mdl 8] A
surprising move, which leads to a previously untested position. Black was
obviously in no mood for a Tarrasch after} (5... exd5 6. d4 {-D30,34}) 6. Nc3 {
A very natural move, but now White won't be able to play d4, as Black can
control the [+] sufficiently.} ({Probably more chances for an advanteg were
offered by} 6. O-O $142 Nf6 7. b3 (7. d4 $6 Nxd4 $1 (7... cxd4 $2 8. Nxd4 $1
$16) 8. Nxd4 Qxd4 9. Qb3 Qb4 $15) 7... Be7 8. Bb2 Qh5 9. d4 $32) 6... Qd8 7. d3
(7. O-O Nf6 8. b3 Be7 9. Ba3 Bd7 10. Na4 b6 11. d4 cxd4 12. Bxe7 Nxe7 13. Nxd4
Rc8 $11 {This artificial attempt leads nowhere.}) 7... Nf6 8. O-O Be7 9. Be3
Ng4 $1 (9... O-O 10. Na4 $36 {[%csl Rc5] ><c5}) 10. Bd2 O-O 11. Rc1 Bd7 12. Ne4
b6 $11 {Black has finished his development and has a solid position.} 13. Bc3
Rc8 14. Ned2 (14. h3 Nf6 $11) (14. d4 f5 $5 15. Ned2 cxd4 16. Nxd4 Nxd4 17.
Bxd4 Rxc1 18. Qxc1 Bb5 19. Qc3 Bf6 $11) 14... Bf6 15. Nc4 Qe7 16. e4 $6 (16. d4
cxd4 17. Nxd4 Nxd4 18. Bxd4 e5 $36) (16. h3 Bxc3 17. bxc3 Nf6 18. Nce5 $11)
16... Bxc3 17. bxc3 (17. Rxc3 e5 $15 {[%csl Rd3,Rg2] /-/+,><d3,Bg2}) 17... b5
18. Ncd2 (18. h3 bxc4 (18... Nf6 19. Nce5 $11) 19. hxg4 e5 20. g5 Be6 $17 (
20... Bg4 $5 $17)) 18... Qd6 19. Nb3 e5 $15 {[%csl Gc5,Ge5] ()[+]} 20. Qe2 (20.
d4 cxd4 21. cxd4 Nxd4 22. Rxc8 Rxc8 23. Nbxd4 exd4 24. Qxd4 Qxd4 25. Nxd4 a5
$15) 20... Rfe8 21. h3 Nf6 {[%csl Gd4] Now d4 is again prevented.} 22. Qe3 Nd8
23. Nh4 {[%cal Yh4f5,Yf2f4] /\f4,Nf5<=>} c4 $1 24. dxc4 bxc4 25. Rfd1 (25. Nd2
$5 Ne6 $15) 25... Qb6 26. Qxb6 $8 axb6 {Black has managed to improve his P.}
27. Nd2 Ba4 28. Re1 g6 (28... Ne6 $5 29. Nf5 Rc7 $36) 29. Rb1 b5 30. Bf3 $1 {
White must get rid of the Ba4.} Ne6 31. Bd1 Bxd1 (31... Nc5 32. Bxa4 Nxa4 33.
Rxb5 Nxc3 34. Rb4 (34. Ra5 $2 Ncxe4 $1 35. Nxe4 Nxe4 36. Rxe4 c3 37. Re1 c2 38.
Rc1 Red8 $19) 34... Nxa2 (34... Ncxe4 $2 35. Nxe4 Nxe4 36. Rxe4 c3 37. Rb1 $18)
35. Rxc4 $11) 32. Rexd1 Nc5 33. Rxb5 Nfxe4 34. Nxe4 Nxe4 35. Rc1 Ra8 36. Rc2
Ra3 37. Nf3 Rxc3 $6 (37... f6 $5 38. Nd2 (38. Rb4 Rc8 $15) 38... Nxc3 (38...
Nxd2 39. Rxd2 Rxc3 40. Rd7 $132) 39. Rc5 Ne2+ 40. Kf1 Nd4 $15) 38. Rxe5 $1 $11
(38. Rxe5 Rxe5 (38... Rc8 39. Nd4 $1 Rxc2 40. Nxc2 Nc3 41. a3 $11) 39. Rxc3 Rc5
(39... Nxc3 40. Nxe5 Nxa2 41. Nxc4 $11) 40. Rc2 c3 41. Kf1 $11) (38. Rxc3 $2
Nxc3 39. Rxe5 Rc8 $36 {[%csl Gc4] o^c}) 1/2-1/2

[Event "FIDE World Cup 9-16"]
[Site "Khanty-Mansiysk"]
[Date "2005.12.09"]
[Round "5.1"]
[White "Vallejo Pons, Francisco"]
[Black "Van Wely, Loek"]
[Result "1/2-1/2"]
[WhiteElo "2674"]
[BlackElo "2648"]
[Annotator "Stohl,I"]
[PlyCount "50"]
[EventDate "2005.11.27"]
[EventType "k.o."]
[EventRounds "7"]
[EventCountry "RUS"]
[SourceTitle "CBM 111"]
[Source "ChessBase"]
[SourceDate "2006.04.04"]
[SourceVersion "1"]
[SourceVersionDate "2006.04.04"]
[SourceQuality "1"]

1. c4 Nf6 2. Nc3 c5 3. g3 e6 4. Nf3 b6 5. Bg2 Bb7 6. O-O Be7 7. Re1 d5 8. cxd5
Nxd5 9. e4 Nb4 {Black strives to achieve a symmetrical position.} ({This solid
continuation is now more popular than} 9... Nxc3 10. bxc3 {[%csl Gd4,Ge4][%cal
Yd2d4] /\d4[+]~~}) 10. d4 cxd4 11. Nxd4 N8c6 12. Nxc6 {The only testing
continuation.} (12. Be3 $143 {makes life easier for Black:} Nxd4 13. Bxd4 O-O
14. Re2 Nc6 15. Be3 Qxd1+ 16. Rxd1 Rfd8 17. Red2 Ne5 18. Rxd8+ Rxd8 19. Rxd8+
Bxd8 20. Nb5 Nc4 21. Nxa7 Nxb2 22. e5 Bxg2 23. Kxg2 Nc4 24. Bd4 Kf8 25. f4 Ke8
26. Kf3 Kd7 27. Ke2 Na5 28. Bf2 Nc6 $11 {Karpov,A-Milos,G/Sao Paulo rpd/2004/})
12... Qxd1 {Simplification as in integral part of Black's plans.} (12... Nxc6
$143 $6 13. Qg4 $1 h5 14. Qe2 $36 {[%csl Re8] עe8 and Black has problems with
getting his K to safety.}) 13. Rxd1 Bxc6 $1 (13... Nxc6 14. e5 Rb8 15. Nb5 O-O
16. Rd7 (16. Bf4 $5 {/\} g5 17. Rac1 $14) 16... Rfd8 17. Rxd8+ Rxd8 18. Be3 Rd7
19. f4 Nb4 20. Bxb7 Rxb7 21. Rc1 h5 22. Rc8+ Kh7 23. Ra8 a6 24. Nc3 Bc5 25. Kf2
h4 26. Kf3 hxg3 27. hxg3 Bxe3 28. Kxe3 Rd7 {Beliavsky,A-Ftacnik,L/BL 9900/2000/
} 29. Ke2 $1 $14) 14. a3 {This seems to soft to promise White anything.} ({
The critical continuation is} 14. Bf4 {, but even here Black has lately bee
able to hold his own:} g5 (14... Rd8 15. Rxd8+ Bxd8 16. Rd1 Na6 17. Bf1 Nc7 18.
a4 g5 19. Be5 (19. Bd6 $5 $14) 19... Rg8 20. f3 f6 21. Bd6 Rg7 22. Bc4 Rd7 23.
b3 Kf7 24. Kf2 Be7 25. Bxc7 Rxc7 26. Nb5 Bxb5 $11 {Larsen,B-Szmetan,J/Buenos
Aires/1992/}) 15. Bd6 Bxd6 $1 (15... Rd8 $143 16. e5 Bxd6 17. exd6 Bxg2 18.
Kxg2 f5 (18... Kd7 19. a3 Nd5 20. Nxd5 exd5 21. Rxd5 f6 22. Rad1 Rhe8 23. Kf3
Rc8 24. R1d2 Rc4 25. R5d4 Rxd4 26. Rxd4 Rc8 27. h4 gxh4 {Werle,J-Berkes,F/
WChU18 Heraklio/2002/} 28. Rxh4 $16) 19. Rac1 Kf7 20. a3 Na6 21. Nb5 Rd7 22. b4
Rhd8 23. f4 g4 $142 (23... gxf4 $2 24. gxf4 Nb8 25. Rc7 a6 26. Nd4 Ke8 (26...
Kf6 27. Nf3 $1 Rxd6 28. Ne5 {[%cal Rc7f7] /\Rf7#}) 27. Nxe6 Rxd6 28. Ng7+ Kf8
29. Rxd6 Rxd6 30. Nxf5 $18 {Van Wely,L-Jenni,F/BL 0506/2005/}) 24. Rc4 Nb8 25.
Rc7 a6 26. Nd4 Kf6 $14 {Ortmann,D-Blechzin,I/St Ingbert/1998/}) 16. Rxd6 Rd8
17. Rxd8+ Kxd8 18. a3 Na6 19. e5 Bxg2 20. Kxg2 Nc5 21. Nb5 a5 $5 (21... a6 22.
Nd6 Rf8 23. Rc1 f6 24. b4 Nd7 25. exf6 Nxf6 26. Rc8+ Ke7 27. Rxf8 Kxf8 28. Kf3
h6 29. h3 Nd7 30. Ke4 $14 {/=,Ftacnik,L-Womacka,M/BL 9798/1997/}) 22. Nd6 Ke7
23. Rc1 a4 $1 24. Nb7 Rb8 25. Nxc5 bxc5 26. Rxc5 Rxb2 27. Ra5 h5 28. Rxa4 Re2
29. Ra5 g4 $44 {[%csl Rg2] Ruck,R-Ftacnik,L/AUT-chT 0405/2005/ Despite the
extra P White has no way to improve his K and the R_|_ is drawish.}) (14. Rb1
Rd8 15. Rxd8+ Bxd8 16. Bf4 Nd3 17. Bb8 Kd7 18. Bf1 Bf6 19. Bxa7 Nxb2 20. Rxb2
Bxc3 21. Rxb6 Ra8 22. Ra6 Bxe4 23. Bb5+ Kc8 24. Bb6 Rxa6 25. Bxa6+ Kd7 26. a4
Kc6 27. Be3 Kc7 28. Bb5 Bc6 $11 {Epishin,V-Ftacnik,L/BL 9900/2000/}) 14... Nc2
15. Rb1 $146 (15. Ra2 Rd8 16. Rxd8+ Bxd8 17. Bd2 (17. b4 Ne1 $1 (17... Nd4 18.
Be3 Nb5 19. Nxb5 Bxb5 20. a4 Bd7 21. e5 O-O {Ionescu,C-Kantorik,M/Pardubice op/
1998/} 22. a5 $5 $36) 18. Bh1 Nd3 19. Be3 Ne5 20. Bd4 f6 21. Bg2 Bc7 22. Rc2
Kd7 23. f4 Nf7 24. Bh3 Bb8 25. Kf2 Bb7 26. Bf1 Ke7 $11 {Banusz,T-Papp,G/
HUN-chT 0506/2005/}) 17... O-O 18. b4 Nd4 19. Be3 Bf6 20. f4 Rc8 21. e5 Nf5 22.
Bd2 Be7 23. Bxc6 Rxc6 24. Ne2 {Rahman,Z-Womacka,M/Hamburg op/2001/} h5 $11)
15... O-O 16. Bf4 {White can't profit from the temporarily exposed black N and
the tension quickly dissipates.} (16. Rd2 $6 Ne1 17. Bh1 Rfd8 $36) 16... Rfd8
17. Rbc1 (17. Bc7 Rxd1+ 18. Rxd1 Rc8 19. Bd6 Kf8 $11) (17. e5 Bxg2 18. Kxg2 f6
$132) 17... Nd4 18. Be3 Nb3 $11 19. Rb1 Bf6 20. f3 Rac8 (20... Nc5 21. Bf1 $11)
21. Kf2 Kf8 22. Bf1 Bb7 {[%cal Yf6d4] /\Bd4} 23. Rxd8+ {White can't improve
his position, but further simplification only underlines the drawish features
of the _|_.} Rxd8 24. Rd1 Rxd1 25. Nxd1 Ke7 (25... Ke7 26. Bc4 Nc5 $11 (26...
Nd4 $11)) 1/2-1/2

[Event "ISL-ISR"]
[Site "Reykjavik"]
[Date "1996.??.??"]
[Round "2"]
[White "Stefansson, Hannes"]
[Black "Alterman, Boris"]
[Result "1/2-1/2"]
[WhiteElo "2540"]
[BlackElo "2585"]
[Annotator "Stohl,I"]
[PlyCount "62"]
[EventDate "1996.04.??"]
[EventType "team"]
[EventRounds "2"]
[EventCountry "ISL"]
[SourceTitle "CBM 053"]
[Source "ChessBase"]
[SourceDate "1996.08.01"]
[SourceVersion "1"]
[SourceVersionDate "1996.08.01"]
[SourceQuality "1"]

1. c4 c5 2. Nf3 Nc6 3. b3 e5 4. Bb2 (4. d3 g6 5. Bb2 Bg7 6. g3 Nge7 7. Bg2 d5
8. cxd5 Nxd5 9. Nfd2 O-O 10. O-O Bg4 11. Nc4 Nd4 12. Re1 Nb4 13. Ne3 Bc8 14.
Nc3 Rb8 15. a3 Nbc6 16. Ned5 Be6 17. b4 cxb4 18. axb4 a6 19. Ba3 Re8 20. Rb1
Na7 $132 {Chiburdanidze,M-Polugaevsky,L/Aruba TUMBA/1992/}) 4... d6 (4... e4 $6
5. Ng1 Nf6 6. Nc3 d6 7. g3 Bf5 8. Bg2 Qd7 9. d3 exd3 10. e4 Bg6 11. Qxd3 Be7
12. h3 O-O-O 13. Nge2 h5 14. f4 Nb4 15. Qd2 Qc6 16. f5 Bxf5 17. Nd5 Nfxd5 18.
exf5 Nc2+ 19. Kf2 Nxa1 20. Rxa1 Qd7 21. Qxd5 $18 {Spraggett,K-Velcheva,M/Ubeda
op/1996/}) 5. e3 (5. g3 g6 6. Bg2 Bg7 7. O-O Nge7 8. Nc3 O-O 9. Ne1 Bg4 10. Nc2
Qd7 11. Ne3 Bh3 12. Ned5 Bxg2 13. Kxg2 f5 14. e3 Rae8 15. Rb1 h5 16. a3 Nxd5
17. Nxd5 Ne7 18. Qf3 e4 19. Nxe7+ Rxe7 20. Qf4 d5 21. Bxg7 Kxg7 $15 {Seirawan,
Y-Polugaevsky,L/Monaco bld/1993/}) 5... g6 (5... f5 $5 6. d4 e4 7. Nfd2 Nf6 $13
) 6. d4 (6. Nc3 Bg7 7. Nd5 Nge7 8. d3 O-O 9. Qd2 h6 (9... Nxd5 10. cxd5 Ne7 $15
) 10. Be2 f5 11. Nxe7+ Qxe7 12. O-O-O $6 a5 13. a4 Nb4 14. Ne1 d5 15. cxd5 Nxd5
16. d4 cxd4 17. exd4 e4 18. Nc2 Rd8 19. f3 e3 20. Qe1 Be6 21. Bc4 Qf7 22. Rd3
Nb4 23. Nxb4 Bxc4 $17 {Sprotte,N-Schlick,V/BL 8586/1985/}) 6... exd4 7. exd4
Bg7 8. Be2 (8. Qd2 {[%cal Rd4c5,Rd4d5] /\dc5,d5} cxd4 9. Nxd4 $2 Qf6 $1 10.
Qe2+ Kf8 $1 $19) 8... Bg4 (8... Nge7 9. Qd2 $14) (8... cxd4 9. O-O {[%csl Rd4,
Rd6][%cal Yb1a3,Ya3c2] /\Na3-c2|^,><d6,d4}) 9. O-O Nge7 (9... Bxf3 10. Bxf3
Nge7 (10... Nxd4 11. Bxb7 Rb8 12. Bd5 $16) 11. Qd2 {-9...Nge7}) 10. Qd2 Bxf3
11. Bxf3 O-O 12. dxc5 $8 (12. d5 $2 Bxb2 13. Qxb2 Nd4 $17) 12... dxc5 (12...
Bxb2 13. Qxb2 dxc5 {-12...dxc5}) 13. Bxg7 Kxg7 (13... Qxd2 $5 14. Nxd2 Kxg7 15.
Ne4 b6 $10 {The immediate Q-exchange was a safer road to equality, now Black
will have to play accurately.}) 14. Qb2+ Kg8 15. Nc3 {[%cal Ga1h8,Rc3e4,Re4f6]
גa1-h8,/\Ne4-f6} Qd4 $1 $8 (15... Nd4 $2 16. Bxb7 $16) 16. Rad1 Qf6 17. Qd2
Rad8 18. Qe3 Rxd1 $5 (18... b6 19. Bxc6 Nxc6 20. Nd5 $14) 19. Rxd1 Rd8 20.
Rxd8+ Nxd8 21. g4 (21. Qxc5 $4 Qxc3 22. Qxe7 Qc1+ $19) 21... b6 22. g5 Qe6 $10
23. Ne4 Nf5 24. Qf4 (24. Qc3 Nd4 {and Black finally manages to block the
diagonal, which caused him some problems until now.}) 24... Kg7 25. Nf6 {
White occupies f6 with his N, but Black's active pieces don't allow him to
construct the well-known mating mechanizm (Qg8#).} Qe1+ 26. Kg2 Ne6 27. Nh5+ $1
$8 (27. Qb8 $2 Nxg5 $19 {->}) (27. Qg4 $2 Qd2 {[%cal Rf5e3,Rd2g5] /\Qg5,Ne3-+})
27... gxh5 (27... Kf8 $6 28. Qb8+ $14) 28. Qxf5 {Already Capablanca said the Q
cooperates better with a N, the R with a B. White can save a draw due to the
exposed Black K, which enables him to give perpetual check.} Qd2 29. Qe5+ (29.
Bxh5 $4 Nf4+ $19) 29... Kg8 30. Qb8+ Kg7 (30... Nf8 $6 31. h4 Qxa2 32. Bd5 $44)
31. Qe5+ (31. Qxa7 $2 Nf4+ 32. Kg3 Nd3 $19) 31... Kg8 (31... Kg8 32. Qb8+ $10)
1/2-1/2